[Event "Deutsche Ländermeisterschaft 2014"]
[Site "Hannover GER"]
[Date "2014.10.07"]
[Round "7"]
[White "Trifan, Andrei Ioan"]
[Black "Schneider, Jana"]
[Result "1-0"]
[Termination "normal"]
[Board "1.6"]
[WhiteElo "1689"]
[BlackElo "1803"]
[WhiteClock "00:47:55"]
[BlackClock "00:41:08"]
[WhiteTeam "Baden 1"]
[BlackTeam "Bayern"]
[PlyCount "57"]
[WhiteFideId "12967068"]
[BlackFideId "12924997"]
[EventCountry "GER"]
[EventRounds "7"]
[EventType "team-swiss"]
[EventDate "2014.10.02"]

1. e4 {[%clk 1:30:52]} e5 {[%clk 1:30:49]} 2. Nf3 {[%clk 1:31:05]} Nc6 {[%clk
1:31:10]} 3. d4 {[%clk 1:31:19]} exd4 {[%clk 1:31:28]} 4. Bc4 {[%clk 1:31:29]}
Nf6 {[%clk 1:31:07]} 5. e5 {[%clk 1:31:25]} d5 {[%clk 1:31:19]} 6. Bb5 {[%clk
1:31:31]} Ne4 {[%clk 1:31:27]} 7. Nxd4 {[%clk 1:31:32]} Bd7 {[%clk 1:31:22]} 8.
Bxc6 {[%clk 1:31:32]} bxc6 {[%clk 1:31:39]} 9. O-O {[%clk 1:31:26]} Be7 {[%clk
1:29:43]} 10. f3 {[%clk 1:30:44]} Ng5 {[%clk 1:28:02]} 11. f4 {[%clk 1:29:52]}
Ne4 {[%clk 1:27:58]} 12. Nc3 {[%clk 1:28:50]} Nxc3 {[%clk 1:27:45]} 13. bxc3
{[%clk 1:28:45]} O-O {[%clk 1:26:01]} 14. f5 {[%clk 1:24:13]} c5 {[%clk
1:24:51]} 15. Nb3 {[%clk 1:23:08]} c4 {[%clk 1:23:19]} 16. Nd4 {[%clk 1:23:03]}
c5 {[%clk 1:23:15]} 17. Ne2 {[%clk 1:23:09]} Bc6 {[%clk 1:20:31]} 18. Nf4
{[%clk 1:19:14]} Kh8 {[%clk 1:15:28]} 19. Qh5 {[%clk 1:16:36]} d4 {[%clk
1:10:18]} 20. e6 {[%clk 1:14:52]} Bd6 {[%clk 1:01:39]} 21. Qg4 {[%clk 0:55:57]}
Bxf4 {[%clk 0:58:06]} 22. Bxf4 {[%clk 0:53:57]} fxe6 {[%clk 0:54:31]} 23. Be5
{[%clk 0:52:58]} Qe7 {[%clk 0:53:26]} 24. f6 {[%clk 0:51:36]} gxf6 {[%clk
0:52:27]} 25. Rxf6 {[%clk 0:51:49]} Rxf6 {[%clk 0:51:45]} 26. Rf1 {[%clk
0:47:58]} Rg8 {[%clk 0:47:27]} 27. Rxf6 {[%clk 0:47:48]} Rg7 {[%clk 0:42:55]}
28. Rxe6 {[%clk 0:48:05]} Kg8 {[%clk 0:41:08]} 29. Bxg7 {[%clk 0:47:55]} 1-0

[Event "Deutsche Ländermeisterschaft 2014"]
[Site "Hannover GER"]
[Date "2014.10.07"]
[Round "7"]
[White "Shen, Julian"]
[Black "Mangei, Jasmin"]
[Result "1/2-1/2"]
[Termination "normal"]
[Board "1.7"]
[WhiteElo "1810"]
[BlackElo "1796"]
[WhiteClock "00:41:01"]
[BlackClock "00:19:50"]
[WhiteTeam "Bayern"]
[BlackTeam "Baden 1"]
[PlyCount "97"]
[WhiteFideId "12942898"]
[BlackFideId "12951803"]
[EventCountry "GER"]
[EventRounds "7"]
[EventType "team-swiss"]
[EventDate "2014.10.02"]

1. e4 {[%clk 1:30:59]} e5 {[%clk 1:30:55]} 2. Nc3 {[%clk 1:31:25]} Bc5 {[%clk
1:30:33]} 3. Bc4 {[%clk 1:31:39]} Nc6 {[%clk 1:30:31]} 4. d3 {[%clk 1:31:58]}
d6 {[%clk 1:29:27]} 5. Na4 {[%clk 1:32:20]} Bb6 {[%clk 1:28:56]} 6. Nxb6 {[%clk
1:32:44]} axb6 {[%clk 1:29:22]} 7. f4 {[%clk 1:32:59]} Nf6 {[%clk 1:28:23]} 8.
Nf3 {[%clk 1:33:07]} Qe7 {[%clk 1:24:35]} 9. O-O {[%clk 1:31:51]} O-O {[%clk
1:22:32]} 10. c3 {[%clk 1:30:06]} Na5 {[%clk 1:21:28]} 11. Bd5 {[%clk 1:27:58]}
c6 {[%clk 1:18:49]} 12. Bb3 {[%clk 1:28:18]} Nxb3 {[%clk 1:17:33]} 13. Qxb3
{[%clk 1:28:40]} b5 {[%clk 1:16:18]} 14. a3 {[%clk 1:24:35]} Bg4 {[%clk
1:08:06]} 15. h3 {[%clk 1:21:40]} Bxf3 {[%clk 1:05:58]} 16. Rxf3 {[%clk
1:21:36]} Nd7 {[%clk 1:01:06]} 17. Be3 {[%clk 1:18:17]} Kh8 {[%clk 0:56:59]}
18. f5 {[%clk 1:14:17]} f6 {[%clk 0:52:47]} 19. Raf1 {[%clk 1:12:05]} Rg8
{[%clk 0:47:39]} 20. Kh1 {[%clk 1:09:38]} g6 {[%clk 0:41:34]} 21. Qe6 {[%clk
1:03:53]} Rae8 {[%clk 0:36:22]} 22. Qxe7 {[%clk 1:02:01]} Rxe7 {[%clk 0:36:45]}
23. fxg6 {[%clk 1:00:08]} Rxg6 {[%clk 0:35:29]} 24. g4 {[%clk 0:57:06]} Reg7
{[%clk 0:32:20]} 25. Rf5 {[%clk 0:55:16]} Kg8 {[%clk 0:29:53]} 26. b4 {[%clk
0:52:02]} h6 {[%clk 0:23:21]} 27. Ra1 {[%clk 0:49:40]} Kf7 {[%clk 0:18:18]} 28.
a4 {[%clk 0:48:52]} bxa4 {[%clk 0:17:24]} 29. Rxa4 {[%clk 0:49:17]} Ke6 {[%clk
0:17:34]} 30. Ra7 {[%clk 0:48:14]} Nf8 {[%clk 0:17:50]} 31. Ra8 {[%clk
0:46:32]} Nh7 {[%clk 0:17:31]} 32. Rh5 {[%clk 0:44:32]} Ng5 {[%clk 0:14:23]}
33. Bxg5 {[%clk 0:43:49]} hxg5 {[%clk 0:14:28]} 34. Rhh8 {[%clk 0:43:29]} Re7
{[%clk 0:13:35]} 35. Rae8 {[%clk 0:39:36]} Rgg7 {[%clk 0:12:42]} 36. Kg2 {[%clk
0:35:25]} d5 {[%clk 0:11:30]} 37. Kf3 {[%clk 0:33:06]} Rxe8 {[%clk 0:10:05]}
38. Rxe8+ {[%clk 0:33:28]} Kd7 {[%clk 0:10:25]} 39. Rb8 {[%clk 0:31:17]} Kd6
{[%clk 0:10:29]} 40. c4 {[%clk 0:23:07]} Rh7 {[%clk 0:07:49]} 41. Kg3 {[%clk
0:21:40]} Rd7 {[%clk 0:28:42]} 42. Kf3 {[%clk 0:44:28]} dxc4 {[%clk 0:26:18]}
43. dxc4 {[%clk 0:44:52]} Ke6 {[%clk 0:23:41]} 44. b5 {[%clk 0:41:38]} Rd3+
{[%clk 0:22:12]} 45. Ke2 {[%clk 0:41:38]} Rxh3 {[%clk 0:21:39]} 46. Rxb7 {[%clk
0:41:34]} cxb5 {[%clk 0:20:05]} 47. cxb5 {[%clk 0:41:46]} Rb3 {[%clk 0:19:36]}
48. Rb6+ {[%clk 0:41:03]} Ke7 {[%clk 0:19:50]} 49. Kf2 {[%clk 0:41:01]} 1/2-1/2

[Event "Deutsche Ländermeisterschaft 2014"]
[Site "Hannover GER"]
[Date "2014.10.07"]
[Round "7"]
[White "Mütsch, Annmarie"]
[Black "Alsheimer, Lea"]
[Result "1-0"]
[Termination "normal"]
[Board "1.8"]
[WhiteElo "1658"]
[BlackElo "1614"]
[WhiteClock "00:44:27"]
[BlackClock "00:55:39"]
[WhiteTeam "Baden 1"]
[BlackTeam "Bayern"]
[PlyCount "49"]
[WhiteFideId "12971367"]
[BlackFideId "12918180"]
[EventCountry "GER"]
[EventRounds "7"]
[EventType "team-swiss"]
[EventDate "2014.10.02"]

1. e4 {[%clk 1:30:58]} d6 {[%clk 1:30:56]} 2. d4 {[%clk 1:31:15]} Nf6 {[%clk
1:31:21]} 3. Nc3 {[%clk 1:31:35]} e5 {[%clk 1:31:46]} 4. Nf3 {[%clk 1:31:21]}
Nbd7 {[%clk 1:25:42]} 5. Bc4 {[%clk 1:30:46]} h6 {[%clk 1:23:50]} 6. dxe5
{[%clk 1:29:26]} dxe5 {[%clk 1:23:57]} 7. Be3 {[%clk 1:21:12]} c6 {[%clk
1:23:17]} 8. a3 {[%clk 1:16:45]} b5 {[%clk 1:18:23]} 9. Bb3 {[%clk 1:14:43]}
Bb7 {[%clk 1:17:42]} 10. O-O {[%clk 1:12:44]} Qc7 {[%clk 1:14:35]} 11. Nd2
{[%clk 1:10:51]} Bc5 {[%clk 1:13:39]} 12. Qf3 {[%clk 1:09:49]} Rd8 {[%clk
1:11:27]} 13. Rad1 {[%clk 1:08:52]} Qb6 {[%clk 1:09:28]} 14. Rfe1 {[%clk
1:07:19]} Bxe3 {[%clk 1:04:38]} 15. Rxe3 {[%clk 1:06:41]} Nc5 {[%clk 1:02:32]}
16. Ba2 {[%clk 1:01:47]} b4 {[%clk 1:01:13]} 17. Nc4 {[%clk 0:56:44]} Rxd1+
{[%clk 1:01:24]} 18. Qxd1 {[%clk 0:56:55]} Qc7 {[%clk 0:59:48]} 19. Nd6+ {[%clk
0:50:25]} Ke7 {[%clk 0:59:55]} 20. Nf5+ {[%clk 0:47:24]} Kf8 {[%clk 1:00:14]}
21. axb4 {[%clk 0:47:05]} Na6 {[%clk 0:58:25]} 22. Rd3 {[%clk 0:43:53]} g6
{[%clk 0:57:17]} 23. Rd8+ {[%clk 0:44:00]} Ne8 {[%clk 0:57:46]} 24. Rd7 {[%clk
0:44:09]} Qc8 {[%clk 0:55:39]} 25. Rxf7+ {[%clk 0:44:27]} 1-0

[Event "Deutsche Ländermeisterschaft 2014"]
[Site "Hannover GER"]
[Date "2014.10.07"]
[Round "7"]
[White "Carow, Johannes"]
[Black "Mundorf, Johannes"]
[Result "1/2-1/2"]
[Termination "normal"]
[Board "2.1"]
[WhiteTitle "FM"]
[WhiteElo "2380"]
[BlackElo "2234"]
[WhiteClock "00:09:58"]
[BlackClock "00:17:40"]
[WhiteTeam "Rheinland-Pfalz"]
[BlackTeam "Nordrhein-Westfalen"]
[PlyCount "91"]
[WhiteFideId "24692050"]
[BlackFideId "24672491"]
[EventCountry "GER"]
[EventRounds "7"]
[EventType "team-swiss"]
[EventDate "2014.10.02"]

1. c4 {[%clk 1:30:49]} c5 {[%clk 1:30:43]} 2. Nf3 {[%clk 1:31:07]} g6 {[%clk
1:31:08]} 3. d4 {[%clk 1:30:22]} Bg7 {[%clk 1:31:34]} 4. d5 {[%clk 1:29:33]} f5
{[%clk 1:31:59]} 5. g3 {[%clk 1:25:58]} Nf6 {[%clk 1:26:45]} 6. Bg2 {[%clk
1:26:03]} O-O {[%clk 1:26:55]} 7. O-O {[%clk 1:25:57]} h6 {[%clk 1:25:39]} 8.
Nc3 {[%clk 1:24:08]} d6 {[%clk 1:25:34]} 9. e4 {[%clk 1:09:16]} fxe4 {[%clk
1:20:07]} 10. Ne1 {[%clk 1:09:07]} Bf5 {[%clk 1:11:04]} 11. Qe2 {[%clk
1:04:57]} Qd7 {[%clk 1:10:15]} 12. Nxe4 {[%clk 1:03:56]} Na6 {[%clk 1:09:54]}
13. Nd3 {[%clk 0:59:52]} Rae8 {[%clk 1:08:24]} 14. Nf4 {[%clk 0:33:54]} Nc7
{[%clk 1:05:08]} 15. h4 {[%clk 0:26:30]} e5 {[%clk 0:37:45]} 16. Nd3 {[%clk
0:25:26]} Nxe4 {[%clk 0:35:46]} 17. Bxe4 {[%clk 0:25:03]} Bxe4 {[%clk 0:33:10]}
18. Qxe4 {[%clk 0:25:25]} Qf5 {[%clk 0:33:21]} 19. Re1 {[%clk 0:25:05]} b5
{[%clk 0:29:30]} 20. b3 {[%clk 0:24:57]} h5 {[%clk 0:26:49]} 21. Bd2 {[%clk
0:24:16]} Rb8 {[%clk 0:25:50]} 22. Kg2 {[%clk 0:23:14]} Kh7 {[%clk 0:25:21]}
23. Bg5 {[%clk 0:17:33]} Rf7 {[%clk 0:24:56]} 24. Rad1 {[%clk 0:16:38]} Re8
{[%clk 0:19:03]} 25. f4 {[%clk 0:09:14]} bxc4 {[%clk 0:19:31]} 26. bxc4 {[%clk
0:08:58]} Qd7 {[%clk 0:20:00]} 27. fxe5 {[%clk 0:06:55]} Bxe5 {[%clk 0:20:03]}
28. Nxe5 {[%clk 0:04:30]} Rxe5 {[%clk 0:19:45]} 29. Qd3 {[%clk 0:04:18]} Ref5
{[%clk 0:19:35]} 30. Re2 {[%clk 0:04:16]} Ne8 {[%clk 0:19:10]} 31. Rde1 {[%clk
0:04:10]} Ng7 {[%clk 0:16:49]} 32. Qe4 {[%clk 0:03:32]} Re5 {[%clk 0:14:43]}
33. Qc2 {[%clk 0:02:20]} Rxe2+ {[%clk 0:15:12]} 34. Qxe2 {[%clk 0:02:42]} Nf5
{[%clk 0:15:30]} 35. Qe6 {[%clk 0:02:03]} Qb7 {[%clk 0:15:39]} 36. Kh3 {[%clk
0:00:52]} Nd4 {[%clk 0:10:22]} 37. Qxd6 {[%clk 0:00:34]} Nf3 {[%clk 0:10:51]}
38. Rh1 {[%clk 0:00:32]} Qb2 {[%clk 0:04:04]} 39. Qxc5 {[%clk 0:00:34]} Qe2
{[%clk 0:02:51]} 40. Qe3 {[%clk 0:00:33]} Qxc4 {[%clk 0:03:08]} 41. Qe6 {[%clk
0:24:48]} Nxg5+ {[%clk 0:21:52]} 42. hxg5 {[%clk 0:25:04]} Rf1 {[%clk 0:22:08]}
43. Rh2 {[%clk 0:21:37]} Rf5 {[%clk 0:18:32]} 44. Qe7+ {[%clk 0:12:04]} Kg8
{[%clk 0:17:28]} 45. Qe8+ {[%clk 0:10:37]} Kg7 {[%clk 0:17:40]} 46. Qe7+ {[%clk
0:09:58]} 1/2-1/2

[Event "Deutsche Ländermeisterschaft 2014"]
[Site "Hannover GER"]
[Date "2014.10.07"]
[Round "7"]
[White "Schröder, Kevin"]
[Black "Yankelevich, Lev"]
[Result "1/2-1/2"]
[Termination "normal"]
[Board "2.2"]
[WhiteElo "2250"]
[BlackElo "2362"]
[WhiteClock "00:09:02"]
[BlackClock "00:53:57"]
[WhiteTeam "Nordrhein-Westfalen"]
[BlackTeam "Rheinland-Pfalz"]
[PlyCount "136"]
[WhiteFideId "12929840"]
[BlackFideId "24684074"]
[EventCountry "GER"]
[EventRounds "7"]
[EventType "team-swiss"]
[EventDate "2014.10.02"]

1. Nf3 {[%clk 1:30:50]} Nf6 {[%clk 1:30:52]} 2. d4 {[%clk 1:30:58]} g6 {[%clk
1:31:16]} 3. c4 {[%clk 1:31:06]} Bg7 {[%clk 1:31:40]} 4. Nc3 {[%clk 1:31:30]}
d6 {[%clk 1:32:00]} 5. Bf4 {[%clk 1:30:48]} O-O {[%clk 1:32:20]} 6. e3 {[%clk
1:31:16]} c5 {[%clk 1:26:27]} 7. h3 {[%clk 1:20:34]} Nc6 {[%clk 1:21:30]} 8. d5
{[%clk 1:18:54]} Na5 {[%clk 1:21:49]} 9. Bd3 {[%clk 1:11:43]} a6 {[%clk
1:21:34]} 10. O-O {[%clk 1:04:40]} e5 {[%clk 1:07:25]} 11. Bg5 {[%clk 1:03:54]}
h6 {[%clk 1:06:20]} 12. Bxf6 {[%clk 0:59:54]} Bxf6 {[%clk 1:04:21]} 13. Nd2
{[%clk 0:55:36]} Bg7 {[%clk 1:01:00]} 14. a3 {[%clk 0:52:54]} f5 {[%clk
0:58:34]} 15. e4 {[%clk 0:46:57]} b6 {[%clk 0:58:59]} 16. b4 {[%clk 0:35:57]}
Nb7 {[%clk 0:59:17]} 17. Rb1 {[%clk 0:36:08]} Bd7 {[%clk 0:56:20]} 18. Na4
{[%clk 0:33:33]} Rb8 {[%clk 0:56:13]} 19. Bc2 {[%clk 0:29:22]} f4 {[%clk
0:54:37]} 20. bxc5 {[%clk 0:29:04]} Nxc5 {[%clk 0:53:46]} 21. Nxc5 {[%clk
0:29:23]} bxc5 {[%clk 0:54:08]} 22. Rxb8 {[%clk 0:29:32]} Qxb8 {[%clk 0:54:36]}
23. Ba4 {[%clk 0:29:50]} Bc8 {[%clk 0:53:42]} 24. Qb3 {[%clk 0:25:30]} Qc7
{[%clk 0:54:03]} 25. Rb1 {[%clk 0:25:25]} Qe7 {[%clk 0:51:08]} 26. Qc3 {[%clk
0:22:55]} g5 {[%clk 0:50:38]} 27. Bd1 {[%clk 0:23:12]} Qf7 {[%clk 0:49:50]} 28.
Bg4 {[%clk 0:17:33]} Bxg4 {[%clk 0:49:37]} 29. hxg4 {[%clk 0:17:59]} h5 {[%clk
0:50:06]} 30. Qh3 {[%clk 0:17:45]} h4 {[%clk 0:50:00]} 31. Qb3 {[%clk 0:16:20]}
Qd7 {[%clk 0:49:44]} 32. f3 {[%clk 0:16:31]} Kh7 {[%clk 0:46:25]} 33. Qc3
{[%clk 0:15:05]} Qc7 {[%clk 0:44:12]} 34. Rb3 {[%clk 0:13:45]} Rb8 {[%clk
0:44:04]} 35. Kf2 {[%clk 0:13:29]} Bf6 {[%clk 0:44:14]} 36. Ke2 {[%clk
0:12:45]} Bd8 {[%clk 0:43:33]} 37. Kd3 {[%clk 0:12:17]} Kg6 {[%clk 0:43:51]}
38. Kc2 {[%clk 0:11:51]} Kf7 {[%clk 0:44:03]} 39. Rxb8 {[%clk 0:09:18]} Qxb8
{[%clk 0:44:23]} 40. Qb3 {[%clk 0:07:26]} Qxb3+ {[%clk 0:44:31]} 41. Kxb3
{[%clk 0:07:30]} Ke7 {[%clk 0:44:38]} 42. Ka4 {[%clk 0:06:05]} Kd7 {[%clk
0:44:59]} 43. Nb1 {[%clk 0:06:14]} Kc8 {[%clk 0:45:15]} 44. Nc3 {[%clk
0:06:40]} Kb7 {[%clk 0:45:37]} 45. Nd1 {[%clk 0:06:49]} Kb6 {[%clk 0:46:00]}
46. Nf2 {[%clk 0:07:08]} Be7 {[%clk 0:46:26]} 47. Nd3 {[%clk 0:06:16]} Bd8
{[%clk 0:46:49]} 48. Nc1 {[%clk 0:06:24]} Kb7 {[%clk 0:47:09]} 49. Na2 {[%clk
0:06:51]} Kb6 {[%clk 0:47:33]} 50. Nc3 {[%clk 0:07:15]} Bf6 {[%clk 0:47:52]}
51. Ne2 {[%clk 0:07:07]} Bd8 {[%clk 0:48:14]} 52. Kb3 {[%clk 0:06:45]} Ka5
{[%clk 0:48:22]} 53. Nc1 {[%clk 0:07:10]} Kb6 {[%clk 0:48:48]} 54. a4 {[%clk
0:07:27]} Kb7 {[%clk 0:48:53]} 55. Ka3 {[%clk 0:07:31]} Ba5 {[%clk 0:48:57]}
56. Nd3 {[%clk 0:07:57]} Bd8 {[%clk 0:49:19]} 57. Nf2 {[%clk 0:08:07]} Kb6
{[%clk 0:49:43]} 58. Nh3 {[%clk 0:07:28]} Ka5 {[%clk 0:50:08]} 59. Ng1 {[%clk
0:07:36]} Kb6 {[%clk 0:50:34]} 60. Ne2 {[%clk 0:07:41]} Ka5 {[%clk 0:51:00]}
61. Nc1 {[%clk 0:08:00]} Kb6 {[%clk 0:51:16]} 62. Nb3 {[%clk 0:08:28]} Be7
{[%clk 0:51:37]} 63. a5+ {[%clk 0:08:45]} Kb7 {[%clk 0:52:05]} 64. Ka4 {[%clk
0:09:10]} Bd8 {[%clk 0:52:32]} 65. Nd2 {[%clk 0:09:38]} Bc7 {[%clk 0:52:55]}
66. Nb1 {[%clk 0:09:53]} Bd8 {[%clk 0:53:05]} 67. Nc3 {[%clk 0:09:58]} Bc7
{[%clk 0:53:34]} 68. Na2 {[%clk 0:09:02]} Bd8 {[%clk 0:53:57]} 1/2-1/2

[Event "Deutsche Ländermeisterschaft 2014"]
[Site "Hannover GER"]
[Date "2014.10.07"]
[Round "7"]
[White "Perske, Thore"]
[Black "Hecht, Carsten"]
[Result "1-0"]
[Termination "normal"]
[Board "2.3"]
[WhiteElo "2275"]
[BlackElo "2189"]
[WhiteClock "00:13:43"]
[BlackClock "00:02:20"]
[WhiteTeam "Rheinland-Pfalz"]
[BlackTeam "Nordrhein-Westfalen"]
[PlyCount "73"]
[WhiteFideId "12902195"]
[BlackFideId "24693928"]
[EventCountry "GER"]
[EventRounds "7"]
[EventType "team-swiss"]
[EventDate "2014.10.02"]

1. d4 {[%clk 1:26:52]} Nf6 {[%clk 1:30:53]} 2. Nc3 {[%clk 1:24:22]} d5 {[%clk
1:31:01]} 3. Bg5 {[%clk 1:24:37]} Nbd7 {[%clk 1:31:24]} 4. Qd2 {[%clk 1:17:40]}
g6 {[%clk 1:30:08]} 5. O-O-O {[%clk 1:15:07]} Bg7 {[%clk 1:29:57]} 6. Bh6
{[%clk 1:13:35]} O-O {[%clk 1:27:16]} 7. Bxg7 {[%clk 1:13:42]} Kxg7 {[%clk
1:27:40]} 8. f3 {[%clk 1:12:31]} c6 {[%clk 1:22:07]} 9. e4 {[%clk 1:09:35]}
dxe4 {[%clk 1:20:02]} 10. fxe4 {[%clk 1:09:58]} Qa5 {[%clk 1:20:15]} 11. Nf3
{[%clk 0:58:05]} e5 {[%clk 1:17:41]} 12. Bc4 {[%clk 0:54:07]} exd4 {[%clk
1:11:52]} 13. Qxd4 {[%clk 0:52:27]} Re8 {[%clk 1:08:33]} 14. Rhf1 {[%clk
0:49:59]} Qc5 {[%clk 1:01:10]} 15. Qxc5 {[%clk 0:44:52]} Nxc5 {[%clk 1:00:50]}
16. Ng5 {[%clk 0:44:01]} b5 {[%clk 0:40:07]} 17. Rd6 {[%clk 0:37:31]} Be6
{[%clk 0:26:17]} 18. Bxe6 {[%clk 0:34:14]} Nxe6 {[%clk 0:26:28]} 19. e5 {[%clk
0:25:46]} Ng4 {[%clk 0:17:40]} 20. Rxf7+ {[%clk 0:19:22]} Kg8 {[%clk 0:17:25]}
21. Rxe6 {[%clk 0:19:38]} Rxe6 {[%clk 0:17:10]} 22. Rf4 {[%clk 0:20:01]} Rxe5
{[%clk 0:15:42]} 23. Rxg4 {[%clk 0:20:30]} Rd8 {[%clk 0:13:49]} 24. Nf3 {[%clk
0:20:28]} Re6 {[%clk 0:13:21]} 25. a4 {[%clk 0:19:00]} Red6 {[%clk 0:12:46]}
26. b3 {[%clk 0:18:34]} a6 {[%clk 0:13:00]} 27. Re4 {[%clk 0:18:59]} h6 {[%clk
0:06:25]} 28. Kb2 {[%clk 0:18:55]} g5 {[%clk 0:05:58]} 29. h3 {[%clk 0:18:58]}
Kf7 {[%clk 0:05:09]} 30. Ka3 {[%clk 0:17:26]} Rc8 {[%clk 0:04:27]} 31. Re5
{[%clk 0:16:14]} Rf6 {[%clk 0:03:00]} 32. Ne4 {[%clk 0:16:02]} Rg6 {[%clk
0:02:44]} 33. a5 {[%clk 0:14:21]} Rd8 {[%clk 0:02:03]} 34. Rf5+ {[%clk
0:13:52]} Kg7 {[%clk 0:01:56]} 35. Ne5 {[%clk 0:13:07]} Re6 {[%clk 0:02:12]}
36. Rf7+ {[%clk 0:13:19]} Kh8 {[%clk 0:02:20]} 37. Nf6 {[%clk 0:13:43]} 1-0

[Event "Deutsche Ländermeisterschaft 2014"]
[Site "Hannover GER"]
[Date "2014.10.07"]
[Round "7"]
[White "Kuckling, Hannah"]
[Black "Muckle, Julius"]
[Result "0-1"]
[Termination "normal"]
[Board "2.4"]
[WhiteElo "2024"]
[BlackElo "1995"]
[WhiteClock "00:02:21"]
[BlackClock "00:08:18"]
[WhiteTeam "Nordrhein-Westfalen"]
[BlackTeam "Rheinland-Pfalz"]
[PlyCount "70"]
[WhiteFideId "24603660"]
[BlackFideId "12942430"]
[EventCountry "GER"]
[EventRounds "7"]
[EventType "team-swiss"]
[EventDate "2014.10.02"]

1. e4 {[%clk 1:30:58]} e6 {[%clk 1:30:56]} 2. d4 {[%clk 1:31:23]} d5 {[%clk
1:31:18]} 3. Nd2 {[%clk 1:31:48]} dxe4 {[%clk 1:31:43]} 4. Nxe4 {[%clk
1:32:12]} Bd7 {[%clk 1:32:02]} 5. Nf3 {[%clk 1:32:05]} Bc6 {[%clk 1:32:26]} 6.
Neg5 {[%clk 1:32:53]} Bxf3 {[%clk 1:01:45]} 7. Qxf3 {[%clk 1:31:35]} Nf6 {[%clk
1:02:09]} 8. Qxb7 {[%clk 1:30:39]} Nbd7 {[%clk 1:02:06]} 9. Bd3 {[%clk
1:23:15]} Bd6 {[%clk 1:00:20]} 10. O-O {[%clk 1:18:13]} O-O {[%clk 0:57:08]}
11. c4 {[%clk 1:14:07]} c5 {[%clk 0:55:38]} 12. Qf3 {[%clk 0:57:46]} cxd4
{[%clk 0:55:00]} 13. Qh3 {[%clk 0:58:00]} h6 {[%clk 0:54:20]} 14. Nxe6 {[%clk
0:58:07]} Bxh2+ {[%clk 0:54:06]} 15. Kxh2 {[%clk 0:58:28]} fxe6 {[%clk
0:54:32]} 16. Qxe6+ {[%clk 0:58:42]} Kh8 {[%clk 0:54:17]} 17. Kg1 {[%clk
0:39:27]} Nc5 {[%clk 0:49:26]} 18. Qh3 {[%clk 0:38:11]} Nxd3 {[%clk 0:45:25]}
19. Qxd3 {[%clk 0:38:32]} Qd6 {[%clk 0:45:10]} 20. b3 {[%clk 0:18:55]} Ng4
{[%clk 0:27:11]} 21. Qh3 {[%clk 0:18:34]} Qg6 {[%clk 0:21:40]} 22. Bb2 {[%clk
0:18:07]} Rad8 {[%clk 0:20:45]} 23. Rad1 {[%clk 0:18:05]} Nxf2 {[%clk 0:16:11]}
24. Rxf2 {[%clk 0:11:06]} Rxf2 {[%clk 0:16:28]} 25. Bxd4 {[%clk 0:11:17]} Rff8
{[%clk 0:16:09]} 26. Qh4 {[%clk 0:08:52]} Kh7 {[%clk 0:14:09]} 27. Re1 {[%clk
0:08:30]} Rde8 {[%clk 0:09:57]} 28. Bxa7 {[%clk 0:06:18]} Rf4 {[%clk 0:09:55]}
29. Qxf4 {[%clk 0:06:08]} Rxe1+ {[%clk 0:10:18]} 30. Kh2 {[%clk 0:06:26]} Qh5+
{[%clk 0:10:10]} 31. Kg3 {[%clk 0:06:43]} Re5 {[%clk 0:08:24]} 32. Qd4 {[%clk
0:04:26]} Rg5+ {[%clk 0:07:24]} 33. Kf2 {[%clk 0:04:47]} Qg6 {[%clk 0:07:46]}
34. Qe3 {[%clk 0:02:08]} Rxg2+ {[%clk 0:07:56]} 35. Kf1 {[%clk 0:02:21]} Rxa2
{[%clk 0:08:18]} 0-1

[Event "Deutsche Ländermeisterschaft 2014"]
[Site "Hannover GER"]
[Date "2014.10.07"]
[Round "7"]
[White "Schwarz, Larissa"]
[Black "Savchenko, Daniel"]
[Result "1-0"]
[Termination "normal"]
[Board "2.5"]
[WhiteElo "1951"]
[BlackElo "1784"]
[WhiteClock "00:19:12"]
[BlackClock "00:45:33"]
[WhiteTeam "Rheinland-Pfalz"]
[BlackTeam "Nordrhein-Westfalen"]
[PlyCount "87"]
[WhiteFideId "24699004"]
[BlackFideId "12919195"]
[EventCountry "GER"]
[EventRounds "7"]
[EventType "team-swiss"]
[EventDate "2014.10.02"]

1. e4 {[%clk 1:30:58]} e5 {[%clk 1:30:53]} 2. Nf3 {[%clk 1:31:24]} Nf6 {[%clk
1:31:18]} 3. Nxe5 {[%clk 1:31:31]} d6 {[%clk 1:31:44]} 4. Nf3 {[%clk 1:31:57]}
Nxe4 {[%clk 1:32:08]} 5. Nc3 {[%clk 1:31:47]} Nf6 {[%clk 1:32:32]} 6. d4 {[%clk
1:29:53]} Be7 {[%clk 1:32:57]} 7. Bf4 {[%clk 1:25:21]} O-O {[%clk 1:32:32]} 8.
h3 {[%clk 1:19:58]} Re8 {[%clk 1:32:48]} 9. Bd3 {[%clk 1:13:14]} a6 {[%clk
1:33:10]} 10. O-O {[%clk 1:11:33]} b6 {[%clk 1:33:30]} 11. Re1 {[%clk 1:07:28]}
Bb7 {[%clk 1:33:51]} 12. Ne4 {[%clk 1:04:47]} Nbd7 {[%clk 1:25:36]} 13. Ng3
{[%clk 0:58:45]} Nf8 {[%clk 1:24:22]} 14. c4 {[%clk 0:51:17]} Ne6 {[%clk
1:24:07]} 15. Be3 {[%clk 0:50:13]} d5 {[%clk 1:23:42]} 16. Ne5 {[%clk 0:40:47]}
dxc4 {[%clk 1:20:44]} 17. Bxc4 {[%clk 0:40:55]} Bb4 {[%clk 1:19:57]} 18. Bd2
{[%clk 0:38:39]} Bxd2 {[%clk 1:19:00]} 19. Qxd2 {[%clk 0:39:02]} Nd5 {[%clk
1:17:20]} 20. Rac1 {[%clk 0:35:12]} Ndf4 {[%clk 1:12:20]} 21. Nxf7 {[%clk
0:30:11]} Qf6 {[%clk 1:08:03]} 22. Bxe6 {[%clk 0:28:29]} Nxe6 {[%clk 1:07:17]}
23. Ne5 {[%clk 0:28:34]} Rad8 {[%clk 1:06:58]} 24. Ng4 {[%clk 0:26:02]} Qf7
{[%clk 1:05:02]} 25. Qc3 {[%clk 0:23:47]} Rf8 {[%clk 0:58:35]} 26. Re5 {[%clk
0:16:48]} Nxd4 {[%clk 0:42:35]} 27. Qxc7 {[%clk 0:12:07]} Rd7 {[%clk 0:42:07]}
28. Qc4 {[%clk 0:11:39]} Nc6 {[%clk 0:37:15]} 29. Qxf7+ {[%clk 0:11:08]} Rdxf7
{[%clk 0:37:27]} 30. Re2 {[%clk 0:10:56]} g6 {[%clk 0:37:20]} 31. f3 {[%clk
0:08:09]} Kg7 {[%clk 0:37:30]} 32. Rd2 {[%clk 0:07:27]} h5 {[%clk 0:35:23]} 33.
Nf2 {[%clk 0:07:44]} Ne5 {[%clk 0:34:53]} 34. Rd6 {[%clk 0:05:51]} b5 {[%clk
0:32:39]} 35. Nge4 {[%clk 0:05:35]} Nc4 {[%clk 0:31:36]} 36. Rd4 {[%clk
0:04:30]} Kh6 {[%clk 0:24:19]} 37. b3 {[%clk 0:04:02]} Ne5 {[%clk 0:24:14]} 38.
Nd6 {[%clk 0:03:21]} Rd7 {[%clk 0:22:47]} 39. f4 {[%clk 0:03:22]} Rxf4 {[%clk
0:20:13]} 40. Rxf4 {[%clk 0:03:25]} Rxd6 {[%clk 0:20:35]} 41. Rc2 {[%clk
0:26:42]} Rd7 {[%clk 0:46:50]} 42. Re2 {[%clk 0:22:48]} Nc6 {[%clk 0:45:51]}
43. Kf1 {[%clk 0:19:42]} Ne7 {[%clk 0:45:33]} 44. Rf7 {[%clk 0:19:12]} 1-0